|
|
|
|
| LEADER |
04272nam a22004093i 4500 |
| 001 |
EBC7001119 |
| 003 |
MiAaPQ |
| 005 |
20231204023224.0 |
| 006 |
m o d | |
| 007 |
cr cnu|||||||| |
| 008 |
231204s2022 xx o ||||0 eng d |
| 020 |
|
|
|a 9781000622652
|q (electronic bk.)
|
| 020 |
|
|
|z 9781032067469
|
| 035 |
|
|
|a (MiAaPQ)EBC7001119
|
| 035 |
|
|
|a (Au-PeEL)EBL7001119
|
| 035 |
|
|
|a (OCoLC)1323254502
|
| 040 |
|
|
|a MiAaPQ
|b eng
|e rda
|e pn
|c MiAaPQ
|d MiAaPQ
|
| 082 |
0 |
|
|a 362.8830952
|
| 100 |
1 |
|
|a Tsukamoto, Sachiyo.
|
| 245 |
1 |
4 |
|a The Politics of Trauma and Integrity :
|b Stories of Japanese Comfort Women.
|
| 250 |
|
|
|a 1st ed.
|
| 264 |
|
1 |
|a Milton :
|b Taylor & Francis Group,
|c 2022.
|
| 264 |
|
4 |
|c Ã2023.
|
| 300 |
|
|
|a 1 online resource (167 pages)
|
| 336 |
|
|
|a text
|b txt
|2 rdacontent
|
| 337 |
|
|
|a computer
|b c
|2 rdamedia
|
| 338 |
|
|
|a online resource
|b cr
|2 rdacarrier
|
| 490 |
1 |
|
|a Gender in a Global/Local World Series
|
| 505 |
0 |
|
|a Cover -- Endorsement -- Half Title -- Series Information -- Title Page -- Copyright Page -- Dedication -- Table of Contents -- Figures -- Acknowledgements -- Abbreviations -- Prologue -- 1 Introduction: Trauma and Recovery -- Hegemonic Narratives and the Politics of History -- Trauma as Impossible Communication -- Recovery From Trauma as the Creation of a Coherent Self -- The Politics of Integrity -- The Structure of this Book -- Notes -- References -- 2 Conspiracy of Silence in Post-War Japan -- Introduction -- Japan's War Trauma and the States' Post-War Revisionism -- A Hidden History of the Sexual Contract: Japanese "Comfort Women" for the Allied Forces -- Conclusion -- Notes -- References -- 3 Kikumaru: Between Voice and Silence -- Introduction -- Reclaiming Post-War Life -- The Divided Self -- Kikumaru's Final Effort: Breaking Her Silence -- Conclusion -- Notes -- References -- 4 Shirota Suzuko: The Victim-Survivor-Activist -- Introduction -- The Listener -- Stage 1: Establishment of Stability for Survival -- Stage 2: Subject Formation By Building a Coherent Narrative of the Self -- Stage 3: Reconnection to the External World -- The Victim-Survivor-Activist -- Conclusion -- Notes -- References -- 5 The State-Licensed Prostitute as a Dutiful Daughter -- Introduction -- The Conspiracy of Silence: Forced Internalisation of the Abusers' Shame and Guilt Into Their Victims -- Kikumaru (Hirota 2009) -- For the Family to for the Country -- Shirota Suzuko (Shirota 1971) -- Patriarchal Family as a Unit of Patriarchal Society -- Betrayal of Trust -- Prostitution Sex as a Dehumanised Process -- Conclusion -- Note -- References -- 6 "Comfort Women" as a Gendered National Subject -- Introduction -- Hegemonic Masculinity and Homosocial Male Bonding -- Masculinities of Citizen-Soldiers in Modern Japan -- Kikumaru as the Wife/mistress for Officers.
|
| 505 |
8 |
|
|a Shirota Suzuko as a Witness to Brutality at War -- Nationalism as a Conspiracy of Silence -- From "Fully Fledged" Citizens to "Fully Fledged" Soldiers -- Homosocial Bond Between "Fully Fledged" Soldiers -- The Making of an Imperial Killing Machine -- Conclusion: Beyond Masculinity as Humanity -- Notes -- References -- 7 Epilogue -- Introduction -- Modern Nation-States as Imagined Communities -- The 'Circles of Memory: The "Comfort Women" and the World' -- From Empathy to Activism as Imagined Communities -- References -- Appendix Brief Life Stories of Some Japanese "Comfort Women" -- Keiko (Sasakuri Fuji) -- Miyagi Tsuru (Pseudonym) -- Mizuno Iku -- Shimada Yoshiko (Pseudonym) -- Suzumoto Aya (Pseudonym) -- Takanashi Taka -- Tanaka Tami (Pseudonym) -- Uehara Eiko (Pseudonym) -- Index.
|
| 588 |
|
|
|a Description based on publisher supplied metadata and other sources.
|
| 590 |
|
|
|a Electronic reproduction. Ann Arbor, Michigan : ProQuest Ebook Central, 2023. Available via World Wide Web. Access may be limited to ProQuest Ebook Central affiliated libraries.
|
| 655 |
|
4 |
|a Electronic books.
|
| 776 |
0 |
8 |
|i Print version:
|a Tsukamoto, Sachiyo
|t The Politics of Trauma and Integrity
|d Milton : Taylor & Francis Group,c2022
|z 9781032067469
|
| 797 |
2 |
|
|a ProQuest (Firm)
|
| 830 |
|
0 |
|a Gender in a Global/Local World Series
|
| 856 |
4 |
0 |
|u https://ebookcentral.proquest.com/lib/matrademy/detail.action?docID=7001119
|z Click to View
|